Αφήγηση : μια πολυεπιστημονική θεώρηση

Αποθηκεύτηκε σε:
Λεπτομέρειες βιβλιογραφικής εγγραφής
Άλλοι συγγραφείς: Κακαβούλια, Μαρία (edtf), Πολίτης, Περικλής (Επιμελητής έκδοσης)
Μορφή: Βιβλίο
Γλώσσα:Greek
Δημοσίευση: Αθήνα : Gutenberg, 2022.
Θέματα:
Ετικέτες: Προσθήκη ετικέτας
Δεν υπάρχουν, Καταχωρήστε ετικέτα πρώτοι!

MARC

LEADER 00000nam a2200000 a 4500
001 1/125780
008 230109s2022####gr | ||| |||| ||gre||
020 |a 9789600123609 
040 |a GR-MyUa  |b gre  |c GR-MyUa  |e AACR2 
041 0 |a gre 
082 7 |a 808.036   |2 (23) 
245 0 0 |a Αφήγηση :   |b μια πολυεπιστημονική θεώρηση /   |c επιμέλεια: Μαρία Κακαβούλια, Περικλής Πολίτης. 
260 |a Αθήνα :   |b Gutenberg,   |c 2022.  
300 |a 711 σ. ;   |c 24 εκ.  
504 |a Περιλαμβάνει βιβλιογραφικές παραπομπές και ευρετήριο. 
650 0 |a Narration (Rhetoric) 
650 0 |a Narration (Rhetoric)  |x Data processing. 
700 1 |a Κακαβούλια, Μαρία,  |e edtf 
700 1 |a Πολίτης, Περικλής,  |e edt 
852 |a INST  |b RHODES  |c EUDOXUS  |e 20230109  |h 808.036 ΑΦΗ  |p 005400043239  |q 005400043239  |t EDX  |y 0 
920 |a Εύδοξος  |b Παραγγελία  |y Ρόδος-ΠΤΔΕ  |z 2022-12 
970 |z 09-01-2023